| 000 | 01920nam a2200301Ia 4500 | ||
|---|---|---|---|
| 999 |
_c55225 _d55225 |
||
| 001 | 22300 | ||
| 003 | GE_BSU | ||
| 005 | 20230301160040.0 | ||
| 008 | 181216s2012||||ge |||||||||||||| ||geo|| | ||
| 020 | _a978-9941-437-15-1 | ||
| 040 | _cGE_BSU | ||
| 041 | _ageo | ||
| 080 | _a811.353.1'362 ბ-52 | ||
| 100 |
_aბერიკაშვილი, სვეტლანა _917095 |
||
| 245 |
_aქართულ-ბერძნული კონტრასტული გრამატიკა = Georgian-greek contrastive grammar : _bსახელთა სისტემა / _cსვეტლანა ბერიკაშვილი ; რედ. სოფიო შამანიდი. |
||
| 264 |
_aთბილისი : _bლოგოსი, _c2012. |
||
| 300 |
_a160 გვ. ; _c20 სმ. |
||
| 490 | _aპროგრამა "ლოგოსი" | ||
| 500 | _aპუბლიკაციები და ღონისძიებები კლასიკური ფილოლოგიის, ბიზანტინისტიკისა და ნეოგრეცისტიკის სფეროში | ||
| 520 | _aპარალ. თავფურ. და რეზ. ინგლ. | ||
| 541 | _h6 ლ. | ||
| 546 | _aპარალელური თავფურცელი და რეზიუმე ინგლისურ ენაზე | ||
| 653 | _aსახელთა სისტემა | ||
| 653 | _aქართულ-ბერძნული კონტრასტული გრამატიკა | ||
| 700 |
_aშამანიდი, სოფიო _eრედაქტორი _917096 |
||
| 710 |
_aთსუ _bკლასიკური ფილოლოგიის, ბიზანტინისტიკის და ნეოგრეცისტიკის ინსტიტუტი _917097 |
||
| 942 |
_cBK _2udc |
||